000 00428nam a2200121Ia 4500
008 250103s2023 xx 000 0 und d
020 _a978-3-031-29175-3
041 _aeng
100 _aAnna von Rebay
245 _aThe Designation of Marine Protected Areas
260 _bSpringer Nature Switzerland
_c2023
856 _uhttps://link.springer.com/openurl?genre=book&isbn=978-3-031-29175-3
_zhttps://doi.org/10.1007/978-3-031-29175-3
999 _c12743
_d12743